| 000 | 00694nam a2200205 b 4500 | ||
|---|---|---|---|
| 003 | OSt | ||
| 005 | 20151116163603.0 | ||
| 008 | 070718s1969 slv spa | ||
| 040 |
_aSpMaBN _bspa _cBMC _erdc |
||
| 082 | _a891.7 | ||
| 100 | 1 |
_9133 _aDostoevskiï, Fiodor Mijaïlovich _d1821-1881 |
|
| 245 | 1 | 3 |
_aEl jugador _cFedor Dostoievski ; prólogo de Carlos Pujol ; [traducción del ruso por José Laín Entralgo] |
| 260 |
_aMadrid _bSalvat : Alianza _c1969 |
||
| 300 |
_a188 p., 1 h. _c19 cm |
||
| 490 |
_aBiblioteca Básica Salvat. Libro RTV _v5 |
||
| 650 | 2 | 4 |
_929314 _aNovela rusa |
| 700 | 1 |
_aPujol, Carlos _d1936-2012 _929341 |
|
| 700 | 1 |
_aLaín Entralgo, José _926028 |
|
| 942 |
_2ddc _cBK |
||
| 999 |
_c16421 _d16421 |
||